Central Library OPAC University of Rajshahi

Mineral metabolism / (Record no. 12273)

MARC details
000 -LEADER
fixed length control field 00809nam a2200265 a 4500
001 - CONTROL NUMBER
control field 12273
003 - CONTROL NUMBER IDENTIFIER
rucl marc code BD-RjUL
005 - DATE AND TIME OF LATEST TRANSACTION
control field 20211208235251.0
008 - FIXED-LENGTH DATA ELEMENTS--GENERAL INFORMATION
fixed length control field 140128s19491939us a b 001 0 eng d
035 ## - SYSTEM CONTROL NUMBER
System control number (BD-RjUL)12322
040 ## - CATALOGING SOURCE
Original cataloging agency DLC
Transcribing agency FQG
Modifying agency BD-RjUL
Language of cataloging eng
041 ## - LANGUAGE CODE
Language code of text/sound track or separate title eng
082 00 - DEWEY DECIMAL CLASSIFICATION NUMBER
Classification number 612.3926
Author mark and year SHM 1949
100 1# - MAIN ENTRY--PERSONAL NAME
Personal name Shohl, Alfred Theodore,
Dates associated with a name 1889-
9 (RLIN) 38100
245 10 - TITLE STATEMENT
Title Mineral metabolism /
Statement of responsibility, etc. by Alfred T. Shohl.
260 ## - PUBLICATION, DISTRIBUTION, ETC. (IMPRINT)
Place of publication, distribution, etc. New York :
Name of publisher, distributor, etc. Reinhold,
Date of publication, distribution, etc. c1939 [Printing 1949].
300 ## - PHYSICAL DESCRIPTION
Pagination x, 384 p :
Illustrations ill. ;
Size 24 cm.
504 ## - BIBLIOGRAPHY, ETC. NOTE
Bibliography, etc Includes bibliographies and indexes.
650 #0 - SUBJECT ADDED ENTRY--TOPICAL TERM
Topical term or geographic name as entry element Water in the body
General subdivision Metabolism.
9 (RLIN) 38101
Topical term or geographic name as entry element Minerals
General subdivision Metabolism
9 (RLIN) 38102
830 #0 - SERIES ADDED ENTRY--UNIFORM TITLE
Uniform title Monograph series (American Chemical Society)
942 ## - ADDED ENTRY ELEMENTS (KOHA)
Source of classification or shelving scheme Dewey Decimal Classification
Koha item type Books
Holdings
Lost status Source of classification or shelving scheme Damaged status Not for loan Collection code Permanent Location Current Location Shelving location Date acquired Source of acquisition Cost, normal purchase price Total Checkouts Full call number Date last seen Copy number Koha item type
  Dewey Decimal Classification   Not For Loan Non-fiction Central Library, University of Rajshahi Central Library, University of Rajshahi Reading Room 02/11/1956 A. B. C. 45.80   612.3926 SHM 1949 28/01/2014 C-1 Books